Statistics for European Capitals With H In Their Name

Click here to take the quiz!

General Stats

  • This quiz has been taken 92 times
  • The average score is 4 of 6

Answer Stats

Answer% Correct
Bucharest
85%
Helsinki
81%
Stockholm
78%
Athens
72%
Copenhagen
63%
Chisinau
58%

Score Distribution

Percentile by Number Answered

Percent of People with Each Score

Your Score History

You have not taken this quiz